000 00379nam a2200145Ia 4500
008 230613s9999||||xx |||||||||||||| ||und||
020 _a9788120350021
082 _a005.74
_bG9775
100 _aGupta, G. K.
245 0 _aIntroduction to data mining with case studies
250 _a3rd
260 _aDelhi
_bPHI Learning Pvt Ltd.
_c2016
300 _axxi, 514 p.
942 _cBK
999 _c26858
_d26858